000 00563nmm a2200193Ia 4500
008 251105s9999||||xx |||||||||||||||||und||
020 _a9789681658007
041 _aspa
100 _aMontes, Graciela
245 0 _aLa venganza en el mercado
264 _a[México D.C., Mexico] :
_bFondo de Cultura Económica,
_c1998
300 _a32 páginas
490 _aA la Orilla del Viento
650 _aAges 6-8 Years Old
700 _aMontes, Graciela
700 1 _a Legnazzi, Claudia
856 _uhttps://public.digitaliapublishing.com/a/64694
942 _cCF
999 _c68990
_d68990